| 000 | 00687nam a22001937a 4500 | ||
|---|---|---|---|
| 005 | 20180601114257.0 | ||
| 010 | _aB-694063 | ||
| 020 |
_c295.00 _a9788131606278 |
||
| 035 | _aB-694063 | ||
| 037 | _bR.K.Books | ||
| 082 | _a306.0954 | ||
| 100 | _aAhuja, Ram | ||
| 245 |
_aSocial problems in India / _cby Ram Ahuja |
||
| 260 |
_aJaipur _bRawat Publications _c2017 |
||
| 270 |
_asatayam Apts., Sector3, Jawahar Nagar _bJaipur _e302004 |
||
| 300 |
_axvi, 576p. _c21 cm (pbk) |
||
| 942 |
_2ddc _cEN _mAHU _h306.0954 |
||
| 999 |
_c152327 _d152327 |
||